000 00213nam a22000857a 4500
008 170527b xxu||||| |||| 00| 0 eng d
100 _93143
_aJ. Oke
245 _aThe measure of a heart
260 _aUSA
_bBethany Row
_c1992
999 _c6433
_d6433